| 000 | nam a22 7a 4500 | ||
|---|---|---|---|
| 999 |
_c16328 _d16328 |
||
| 008 | 161109b xxu||||| |||| 00| 0 eng d | ||
| 020 | _a813141390X | ||
| 020 | _a9788131413906 | ||
| 050 | _aHD 9016 .S87 2008 | ||
| 100 | _aedited by Selvan, N Kalai | ||
| 245 |
_aSupply Chain Management in Food Industry/ _cedited by N. Kalai Selvan |
||
| 260 |
_aHyderabad, India: _bICFAI University Press, _c2008 |
||
| 300 |
_axi, 210p. : _bill. ; _ccm |
||
| 500 | _aIncludes bibliographical references and index. | ||
| 650 |
_aFood industry and trade. _xIndia. |
||
| 650 |
_aBusiness logistics. _xIndia. |
||
| 942 |
_2lcc _cBOOKS _hHD 9016 .S87 2008 |
||